[Event "AUTO-OPEN-958"]
[Site "http://www.queenalice.com/game.php?id=331432"]
[Date "2008.1.5"]
[Round "1"]
[White "cledilsontass"]
[Black "loh335"]
[Result "0-1"]
[WhiteElo "1842"]
[BlackElo "1831"]

1. e4 c5 2. Nf3 Nc6 3. Bb5 Qc7 4. Nc3 a6 5. Bxc6 Qxc6 6. O-O b5 7. d3 c4 8. d4
b4 9. Ne5 Qc7 10. Nd5 Qb7 11. Bf4 Nf6 12. Nxf6+ exf6 13. Nxc4 Qc6 14. b3 d5 15.
Nd6+ Bxd6 16. Re1 O-O 17. Bxd6 Qxd6 18. Qd2 Bb7 19. e5 fxe5 20. Rxe5 a5 21. Rae1
h6 22. Re7 Bc8 23. R7e3 Qg6 24. Rg3 Qf6 25. Ree3 Be6 26. Ref3 Qh4 27. Rf4 Qh5
28. Rff3 Rfe8 29. Re3 Qf5 30. Re5 Qf6 31. Kf1 Bf5 32. Rxf5 Qxf5 33. Qxh6 Qh7 34.
Qd2 Re6 35. Rh3 Qe4 36. Re3 Qh4 37. Rh3 Qe4 38. Re3 Qh7 39. Rh3 Rh6 40. Rxh6
Qxh6 41. Qe2 Qxh2 42. f3 Kf8 43. Qb5 Re8 0-1

[Event "AUTO-OPEN-958"]
[Site "http://www.queenalice.com/game.php?id=331433"]
[Date "2008.1.5"]
[Round "1"]
[White "loh335"]
[Black "cledilsontass"]
[Result "0-1"]
[WhiteElo "1831"]
[BlackElo "1809"]

1. d4 c6 2. e4 d5 3. e5 Bf5 4. Nf3 e6 5. c4 Nd7 6. cxd5 cxd5 7. Qa4 Qc7 8. Nc3
a6 9. Bg5 f6 10. Bf4 Bg4 11. Be2 Bxf3 12. Bxf3 Qc6 13. Qc2 Bb4 14. O-O Ne7 15.
exf6 Nxf6 16. Rac1 O-O 17. Qd3 Qd7 18. a3 Ba5 19. Ne2 Nc6 20. Rfe1 Rae8 21. b4
Bc7 22. Bxc7 Qxc7 23. Qd2 Qf7 24. Qd3 e5 25. dxe5 Nxe5 26. Qc3 Nc4 27. Rcd1 Ne4
28. Qb3 Ncd2 29. Qd3 Nxf3+ 30. gxf3 Ng5 31. Qxd5 Nxf3+ 32. Kf1 Nxe1 33. Kxe1
Qxd5 34. Rxd5 Rf7 35. Kf1 Ref8 36. f4 Re8 37. h4 Rfe7 38. Rd2 Re3 39. a4 R3e4
40. Kf2 Rxb4 41. a5 Ra4 42. Rd7 Rxa5 43. Rxb7 Ra2 0-1

[Event "Let's Play Chess!"]
[Site "http://www.queenalice.com/game.php?id=331747"]
[Date "2008.1.7"]
[Round "-"]
[White "cledilsontass"]
[Black "YouLoseSorry"]
[Result "1-0"]
[WhiteElo "1500"]
[BlackElo "1464"]

1. e4 e6 2. f4 b6 3. Nf3 Bb7 4. Nc3 Bb4 5. d3 d5 6. Bd2 dxe4 7. Nxe4 Bxe4 8.
Bxb4 Bxf3 9. Qxf3 c6 10. Be2 Na6 11. Qxc6+ Qd7 12. Qxa8+ Qd8 13. Qe4 f5 14.
Qxe6+ Ne7 15. Bxe7 Qxe7 16. Qc8+ Kf7 17. Qxh8 Nb4 18. O-O Nxc2 19. Bh5+ g6 20.
Qxh7+ Ke8 21. Bxg6+ Kd8 22. Qg8+ Kd7 23. Rac1 Ne3 24. Qc8+ Kd6 25. Qc6# 1-0

[Event "Challenge"]
[Site "http://www.queenalice.com/game.php?id=332249"]
[Date "2008.1.7"]
[Round "-"]
[White "cledilsontass"]
[Black "phystutordotcom"]
[Result "0-1"]
[WhiteElo "1836"]
[BlackElo "2007"]

1. e4 g6 2. d4 Bg7 3. c4 d6 4. Nc3 e5 5. d5 Nd7 6. Be3 Ngf6 7. Nf3 O-O 8. Be2
Ng4 9. Bd2 h6 10. h3 Ngf6 11. Qc1 Kh7 12. h4 Nc5 13. Qc2 a5 14. Be3 b6 15. Nh2
Ne8 16. g4 Qxh4 17. O-O-O Qe7 18. Rdg1 f5 19. gxf5 gxf5 20. Nf3 f4 21. Bd2 Bf6
22. Nh2 Bg5 23. Nf3 Rg8 24. Qd1 Rg6 25. Qf1 Qg7 26. Nh2 Nf6 27. Bg4 Bxg4 28.
Nxg4 Nxg4 29. Rxg4 Rg8 30. f3 Nd7 31. Ne2 Bf6 32. Rhg1 Qf7 33. Qh3 Rxg4 34. Rxg4
Rxg4 35. Qxg4 Bg5 36. Ng1 Nc5 37. Kc2 Qd7 38. Qxd7+ Nxd7 39. Nh3 Kg6 40. Kd3 Kh5
41. Ke2 Bh4 42. Be1 Bxe1 43. Kxe1 Kh4 44. Ng1 Kg3 45. Kf1 Nc5 0-1

[Event "AUTO-OPEN-962"]
[Site "http://www.queenalice.com/game.php?id=333347"]
[Date "2008.1.9"]
[Round "1"]
[White "cledilsontass"]
[Black "conqueror"]
[Result "0-1"]
[WhiteElo "1749"]
[BlackElo "1758"]

1. e4 d5 2. exd5 Qxd5 3. Nc3 Qd6 4. d4 c6 5. Nf3 Bg4 6. Be2 Nf6 7. Bg5 Nbd7 8.
O-O g6 9. Re1 Bg7 10. Qd3 O-O 11. Rad1 Rad8 12. Ne4 Nxe4 13. Qxe4 Bf5 14. Qxe7
Nf6 15. Bxf6 Qxf6 16. Qxf6 Bxf6 17. c3 Rfe8 18. h3 Re7 19. Bc4 Red7 20. Re2 b5
21. Bb3 a5 22. a3 a4 23. Ba2 h5 24. Rde1 Rd6 25. Ne5 Be6 26. Bxe6 Rxe6 27. f4
Bh4 28. Rf1 f6 29. Nxg6 Rxe2 30. Nxh4 Rxb2 0-1

[Event "AUTO-OPEN-962"]
[Site "http://www.queenalice.com/game.php?id=333348"]
[Date "2008.1.9"]
[Round "1"]
[White "conqueror"]
[Black "cledilsontass"]
[Result "0-1"]
[WhiteElo "1769"]
[BlackElo "1812"]

1. d4 d5 2. c4 Nc6 3. Nc3 dxc4 4. Nf3 Bg4 5. e4 Bxf3 6. gxf3 Nxd4 7. Bxc4 e5 8.
Be3 c5 9. f4 Bd6 10. Bxd4 cxd4 11. Nd5 Ne7 12. Nxe7 Kxe7 13. fxe5 Bxe5 14. Qd3
Qa5+ 15. Ke2 Rac8 16. Rhc1 Rhe8 17. f3 Bxh2 18. Rh1 Qe5 19. Rac1 h6 20. Qa3+ Qd6
21. Qxa7 Rc7 22. Kd3 b5 23. Qa3 bxc4+ 24. Rxc4 Rxc4 25. Qxd6+ Bxd6 26. b3 Rc3+
27. Kxd4 Rec8 28. Rg1 Ke6 29. Rxg7 Be5# 0-1

[Event "AUTO-OPEN-962"]
[Site "http://www.queenalice.com/game.php?id=333349"]
[Date "2008.1.9"]
[Round "1"]
[White "cledilsontass"]
[Black "NhobaDolage"]
[Result "1-0"]
[WhiteElo "1621"]
[BlackElo "1088"]

1. e4 d5 2. exd5 Qxd5 3. Nc3 Qd8 4. Nf3 Nf6 5. Bc4 e6 6. O-O c6 7. d4 h6 8. Ne5
Qc7 9. Bf4 c5 10. Ng6 fxg6 11. Bxc7 Bd6 12. Bxd6 Nc6 13. d5 Ne5 14. Bxe5 Nh5 15.
dxe6 Rf8 16. Bb5+ Ke7 17. Qd6# 1-0

[Event "AUTO-OPEN-962"]
[Site "http://www.queenalice.com/game.php?id=333350"]
[Date "2008.1.9"]
[Round "1"]
[White "NhobaDolage"]
[Black "cledilsontass"]
[Result "0-1"]
[WhiteElo "1166"]
[BlackElo "1797"]

1. b4 e5 2. e4 Bxb4 3. Nf3 Nc6 4. Be2 Nf6 5. O-O O-O 6. Nc3 Bxc3 7. dxc3 Nxe4 8.
Qd3 d5 9. h3 Nf6 10. Ba3 Re8 11. Qb5 Ne4 12. Rad1 Nxc3 13. Qd3 Nxd1 14. Rxd1 e4
15. Qc3 exf3 16. Bxf3 Be6 17. Rd3 Qg5 18. Bb2 Rad8 19. Be2 d4 20. Qa3 Bf5 21.
Rg3 Qd2 22. Bh5 Re1+ 23. Kh2 Qxf2 24. Rf3 Qg1+ 25. Kg3 Re3 26. c3 Ne5 27. Qe7
Qe1+ 28. Kf4 Ng6+ 29. Bxg6 Rxe7 30. Kxf5 Qe4+ 31. Kg5 Qxg6+ 32. Kh4 Re4+ 33. g4
h5 34. Kg3 hxg4 35. Rf4 gxh3+ 36. Kxh3 Rxf4 37. Kh2 Rh4# 0-1

[Event "Blz irmaum?!"]
[Site "http://www.queenalice.com/game.php?id=342440"]
[Date "2008.1.25"]
[Round "-"]
[White "IRAN_SILVA"]
[Black "cledilsontass"]
[Result "0-1"]
[WhiteElo "1981"]
[BlackElo "1621"]

1. d4 Nf6 2. c4 g6 3. Nc3 Bg7 4. Nf3 O-O 5. e4 d6 6. Be2 Re8 7. e5 Nfd7 8. O-O
dxe5 9. d5 Nb6 10. Be3 N8d7 11. Rc1 e4 12. Nd4 Nf6 13. f4 e6 14. dxe6 Bxe6 15.
b3 Qe7 16. f5 Bd7 17. fxg6 hxg6 18. Qc2 Rad8 19. Ndb5 Bxb5 20. cxb5 Nbd5 21. Bd4
Nb4 22. Bxf6 Bxf6 23. Qb2 e3 24. Rfd1 Rxd1+ 25. Bxd1 Nd3 0-1

[Event "Agora vai!"]
[Site "http://www.queenalice.com/game.php?id=342449"]
[Date "2008.1.25"]
[Round "-"]
[White "cledilsontass"]
[Black "IRAN_SILVA"]
[Result "0-1"]
[WhiteElo "1789"]
[BlackElo "2017"]

1. e4 c5 2. f4 d5 3. e5 Bf5 4. Nf3 e6 5. Bb5+ Nd7 6. c3 a6 7. Bxd7+ Qxd7 8. O-O
Bd3 9. Rf2 c4 10. b3 Bc5 11. Nd4 Ne7 12. b4 Ba7 13. Na3 Nf5 14. Bb2 Nxd4 15.
cxd4 f5 16. Nc2 b5 17. Ne1 Be4 18. d3 cxd3 19. Nxd3 Rc8 20. Nc5 Bxc5 21. bxc5 h5
22. Rc1 Qe7 23. Qb3 g5 24. Ba3 gxf4 25. Rxf4 Rg8 26. Rf2 Qh4 27. Qe3 f4 28. Qd2
Qh3 29. Bb4 Bxg2 30. Rxg2 Rxg2+ 31. Qxg2 Qe3+ 32. Qf2 Qxc1+ 33. Kg2 Kd7 34. Bd2
Rg8+ 35. Kf3 Qd1+ 0-1

[Event "Challenge"]
[Site "http://www.queenalice.com/game.php?id=345199"]
[Date "2008.1.30"]
[Round "-"]
[White "MAIQUE"]
[Black "cledilsontass"]
[Result "1-0"]
[WhiteElo "1693"]
[BlackElo "1789"]

1. e4 c5 2. d3 Nc6 3. Qh5 Nf6 4. Qxc5 e5 5. Qe3 Be7 6. Nf3 b6 7. c3 Bb7 8. d4 d6
9. d5 Nb8 10. Qg5 O-O 11. Bd3 Nxe4 12. Qe3 Nc5 13. Bc2 Bxd5 14. O-O f5 15. b4
Ne6 16. Qd3 Bb7 17. Qd1 Nc7 18. h3 Nd7 19. Nbd2 e4 20. Nd4 Bf6 21. Bb2 Rc8 22.
Nc4 Ne5 23. Nxe5 Bxe5 24. Ne2 Qg5 25. g3 f4 26. g4 Qh4 27. Kh2 Ne6 28. f3 Ng5
29. Ng1 Qg3+ 30. Kh1 exf3 31. Nxf3 Qxh3+ 32. Kg1 Qg3+ 33. Kh1 Bxf3+ 34. Rxf3
Nxf3 35. Qxf3 Qxf3+ 36. Kh2 Qg3+ 37. Kh1 f3 38. Bxh7+ Kxh7 39. Rg1 1-0

[Event "Challenge"]
[Site "http://www.queenalice.com/game.php?id=345200"]
[Date "2008.1.30"]
[Round "-"]
[White "MAIQUE"]
[Black "cledilsontass"]
[Result "0-1"]
[WhiteElo "1644"]
[BlackElo "1770"]

1. e4 c6 2. d3 e5 3. Qh5 d6 4. Nf3 Nf6 5. Qh4 Bg4 6. h3 Bxf3 7. gxf3 Nbd7 8. f4
Qc7 9. f5 O-O-O 10. Be3 Kb8 11. Nc3 Be7 12. O-O-O Qc8 13. Qg3 Rhg8 14. Be2 d5
15. d4 Bd6 16. dxe5 Bxe5 17. Qg2 Bxc3 18. bxc3 Nxe4 19. Bd4 Ndf6 20. Qf3 Rge8
21. c4 c5 22. Bb2 d4 23. Qg2 Qxf5 24. Rhf1 Qf4+ 25. Kb1 Nd2+ 26. Ka1 Nxf1 27.
Bxf1 Ne4 28. Rd3 Nxf2 29. Bc1 Qxc1# 0-1

[Event "BRAZIL CHESS"]
[Site "http://www.queenalice.com/game.php?id=357175"]
[Date "2008.2.19"]
[Round "-"]
[White "Semao"]
[Black "cledilsontass"]
[Result "1-0"]
[WhiteElo "1829"]
[BlackElo "1809"]

1. e4 c6 2. Nf3 d5 3. e5 Bf5 4. d4 e6 5. Be2 Ne7 6. O-O Nd7 7. h3 h6 8. Nh2 Rc8
9. b4 Bg6 10. f4 Nf5 11. c3 Be7 12. g4 Nh4 13. Nf3 Nxf3+ 14. Rxf3 Be4 15. Rf1
Bh4 16. Nd2 Bg3 17. Nf3 Bxf3 18. Bxf3 Qh4 19. Bg2 O-O 20. f5 exf5 21. Rxf5 1-0

[Event "Challenge"]
[Site "http://www.queenalice.com/game.php?id=362125"]
[Date "2008.2.27"]
[Round "-"]
[White "cledilsontass"]
[Black "kingpatrick"]
[Result "0-1"]
[WhiteElo "1822"]
[BlackElo "1908"]

1. e4 c5 2. Nf3 d6 3. Nc3 Bd7 4. Bc4 e6 5. d4 cxd4 6. Nxd4 Nc6 7. Nb3 Nf6 8. f4
Be7 9. Be3 O-O 10. Qf3 Rc8 11. O-O-O a6 12. g4 b5 13. Bd3 Nb4 14. Kb1 Nxd3 15.
cxd3 a5 16. g5 Ne8 17. h4 Bc6 18. h5 b4 19. Ne2 d5 20. g6 fxg6 21. hxg6 h6 22.
Rh3 dxe4 23. Qh5 Ba4 0-1

[Event "cled/Tech"]
[Site "http://www.queenalice.com/game.php?id=366959"]
[Date "2008.3.7"]
[Round "-"]
[White "cledilsontass"]
[Black "technicaldraw"]
[Result "0-1"]
[WhiteElo "1803"]
[BlackElo "2035"]

1. e4 e6 2. f4 c5 3. Nf3 Nc6 4. Bb5 Nge7 5. c3 d5 6. e5 Bd7 7. d4 cxd4 8. cxd4
Qa5+ 9. Nc3 Nf5 10. O-O Qb6 0-1